[Event "Linares"]
[Site "?"]
[Date "1993.??.??"]
[Round "?"]
[White "Gelfand, B."]
[Black "Shirov, A."]
[Result "0-1"]
[WhiteElo "2690"]
[BlackElo "2670"]
[PlyCount "79"]
[EventDate "1993.??.??"]
[Source "ChessBase"]
[SourceDate "1993.02.01"]

1. c4 e6 2. Nf3 d5 3. g3 c6 4. b3 a5 5. Bb2 a4 6. Bg2 a3 7. Bc3 b5 8. c5 Nf6 9. b4 Ne4 10. O-O Nxc3 11. Nxc3 d4 12. Ne4 f5 13. Neg5 Be7 14. h4 Bf6 15. Qb3 Qd5 16. Qb1 h6 17. Nh3 e5 18. e3 dxe3 19. dxe3 Ra4 20. Nd4 Qd7 21. Nc2 O-O 22. e4 f4 23. Qb3+ Qf7 24. Qxf7+ Rxf7 25. Rfd1 f3 26. Bf1 g5 27. Rd3 g4 28. Kh2 Rd7 29. Rad1 Rxd3 30. Rxd3 Be6 31. Rd6 Kf7 32. Bxb5 cxb5 33. Rb6 Na6 34. Rxb5 Bxa2 35. c6 Bb1 36. Rb7+ Ke6 37. Nxa3 Rxa3 38. b5 Bxe4 39. Ra7 gxh3 40. c7 0-1

[Event "Novgorod"]
[Site "?"]
[Date "1995.??.??"]
[Round "?"]
[White "Vaganian, R."]
[Black "Yusupov, A."]
[Result "1/2-1/2"]
[WhiteElo "2640"]
[BlackElo "2660"]
[PlyCount "40"]
[EventDate "1995.??.??"]
[Source "ChessBase"]
[SourceDate "1995.06.01"]

1. c4 e6 2. Nf3 d5 3. g3 dxc4 4. Bg2 Nf6 5. Qa4+ Nbd7 6. Qxc4 c5 7. Qb3 Rb8 8. d3 Bd6 9. Nc3 a6 10. a4 b6 11. Nd2 Bb7 12. Bxb7 Rxb7 13. Nc4 Bc7 14. O-O Qb8 15. Bg5 Ng4 16. f3 Nge5 17. Nxe5 Bxe5 18. Be3 Bxg3 19. hxg3 Qxg3+ 20. Kh1 Qh3+ 1/2-1/2

[Event "Riga"]
[Site "?"]
[Date "1995.??.??"]
[Round "?"]
[White "Vaganian, R."]
[Black "Yusupov, A."]
[Result "1/2-1/2"]
[WhiteElo "2640"]
[BlackElo "2660"]
[PlyCount "53"]
[EventDate "1995.??.??"]
[Source "ChessBase"]
[SourceDate "1995.06.01"]

1. c4 e6 2. Nf3 d5 3. g3 dxc4 4. Bg2 Nf6 5. Qa4+ Nbd7 6. Qxc4 a6 7. Qc2 c5 8. Nc3 Ra7 9. O-O b6 10. d4 Bb7 11. e4 cxd4 12. Nxd4 Bc5 13. Rd1 Qa8 14. Nb3 Bb4 15. a3 Bxc3 16. Qxc3 O-O 17. f3 Rc8 18. Qd4 Bc6 19. Bf4 Nc5 20. Nxc5 bxc5 21. Qc3 Nd7 22. Be3 Rb7 23. Bf1 Bb5 24. Rd6 Bxf1 25. Rxf1 Qb8 26. Bf4 e5 27. Bxe5 1/2-1/2

[Event "Aker Brygge"]
[Site "Aker Brygge"]
[Date "1989.??.??"]
[Round "6"]
[White "Agdestein, Simen"]
[Black "Beliavsky, Alexander G"]
[Result "1/2-1/2"]
[WhiteElo "2605"]
[BlackElo "2640"]
[PlyCount "65"]
[EventDate "1989.??.??"]
[Source "www.chesslib.no"]
[SourceDate "2004.05.04"]

1. c4 e6 2. Nf3 d5 3. e3 Nf6 4. b3 Be7 5. Bb2 O-O 6. Be2 b6 7. O-O Bb7 8. d4 Nbd7 9. a3 c5 10. Nbd2 Rc8 11. b4 cxd4 12. Nxd4 Qc7 13. cxd5 Nxd5 14. Qa4 Ne5 15. Rfc1 Qb8 16. h3 a6 17. b5 axb5 18. Bxb5 Rc5 19. N4b3 Rxc1+ 20. Rxc1 Bf6 21. Nd4 Ne7 22. Qb3 Bd5 23. Qb4 N5g6 24. Nc6 Nxc6 25. Bxc6 Bxb2 26. Qxb2 Ne5 27. Bb5 Rd8 28. Bf1 Qd6 29. Nb3 h6 30. Nd4 Nd7 31. Nb5 Qe5 32. Qb4 Nc5 33. Nc3 1/2-1/2

[Event "ch-Euro Blitz"]
[Site "Ajaccio FRA"]
[Date "2007.10.26"]
[Round "27"]
[White "Mchedlishvili, M."]
[Black "Jussupow, Ar"]
[Result "1/2-1/2"]
[WhiteElo "2631"]
[BlackElo "2583"]
[PlyCount "94"]
[EventDate "2007.10.25"]
[Source "www.chesslib.no"]
[SourceDate "2004.05.04"]

1. c4 e6 2. Nf3 d5 3. g3 Nf6 4. Bg2 dxc4 5. Qa4+ Nbd7 6. O-O c5 7. Qxc4 b6 8. d3 Bb7 9. b3 Be7 10. Bb2 O-O 11. Nbd2 Nd5 12. a3 Bf6 13. Bxf6 Qxf6 14. Rfc1 Rfd8 15. Ne4 Qe7 16. Qc2 N7f6 17. Ned2 Rac8 18. Qb2 h6 19. Rab1 Nd7 20. Nc4 Ba8 21. Nfd2 Qf6 22. Nd6 Qxb2 23. Rxb2 Rb8 24. b4 cxb4 25. axb4 N7f6 26. N6c4 Rdc8 27. Ra1 Rc7 28. Nd6 Nc3 29. Bxa8 Rxa8 30. N2c4 b5 31. Na5 Rb8 32. e4 Rb6 33. e5 Nfd5 34. Kg2 Rb8 35. d4 f6 36. Nb3 fxe5 37. dxe5 Nxb4 38. Nd4 Nd3 39. Rb3 Nxe5 40. N6xb5 Nxb5 41. Rxb5 Rxb5 42. Nxb5 Rc2 43. Nd4 Rd2 44. Nxe6 Nd3 45. Rxa7 Rxf2+ 46. Kg1 Rf7 47. Ng5 hxg5 1/2-1/2

[Event "Julian Borowski GM"]
[Site "Essen"]
[Date "1999.04.04"]
[Round "8"]
[White "Lobron, Eric"]
[Black "Zvjaginsev, Vadim"]
[Result "1/2-1/2"]
[WhiteElo "2553"]
[BlackElo "2658"]
[PlyCount "117"]
[EventDate "1999.03.??"]
[Source "ChessBase"]
[SourceDate "1999.08.01"]

1. c4 e6 2. Nf3 d5 3. g3 g6 4. Bg2 Bg7 5. O-O dxc4 6. Na3 Nc6 7. Nxc4 Nge7 8. d3 e5 9. Bd2 O-O 10. b4 a6 11. Rc1 Re8 12. Na5 h6 13. Rc2 Rb8 14. Qc1 g5 15. Bc3 Nd4 16. Nxd4 exd4 17. Bb2 Nd5 18. a3 Be6 19. Qa1 c6 20. e4 Nc3 21. f4 Bg4 22. Qe1 Nd1 23. Nc4 b5 24. Na5 Ne3 25. Rc1 Rc8 26. Rf2 gxf4 27. gxf4 Qh4 28. Nxc6 Bd7 29. Bxd4 Bxd4 30. Nxd4 Ng4 31. Rfc2 Qxh2+ 32. Kf1 Qxf4+ 33. Kg1 Qd6 34. Nf3 Qxd3 35. Rxc8 Bxc8 36. Rc3 Qd6 37. e5 Qg6 38. Qg3 h5 39. Qf4 Rd8 40. Nd4 h4 41. Rc6 Be6 42. Rd6 Re8 43. Nxe6 fxe6 44. Rd4 Nh6 45. Qxh4 Nf5 46. Qg4 Qxg4 47. Rxg4+ Kf7 48. Bb7 Rb8 49. Bxa6 Rb6 50. Bc8 Rc6 51. Bd7 Rb6 52. a4 bxa4 53. Bxa4 Ne3 54. Rf4+ Ke7 55. b5 Nd5 56. Rc4 Rb8 57. Rc5 Nb6 58. Bb3 Nd7 59. Rc6 1/2-1/2

[Event "15. European Team Championship"]
[Site "?"]
[Date "2005.08.01"]
[Round "3.9"]
[White "McNab Colin A"]
[Black "Ivanchuk Vassily"]
[Result "1/2-1/2"]
[WhiteElo "2451"]
[BlackElo "2752"]
[PlyCount "83"]
[EventDate "2005.??.??"]
[Source "www.chesslib.no"]
[SourceDate "2004.05.04"]

1. c4 e6 2. Nf3 d5 3. b3 d4 4. g3 Nc6 5. Bg2 e5 6. d3 Bb4+ 7. Nbd2 a5 8. a3 Be7 9. Rb1 Nf6 10. O-O Nd7 11. Ne1 O-O 12. Nc2 Nc5 13. Ne4 Na6 14. Qe1 f5 15. Nd2 Kh8 16. h4 Rb8 17. Nf3 e4 18. Ng5 Nc5 19. Qd1 Bf6 20. Nh3 b5 21. Bg5 Bxg5 22. hxg5 b4 23. axb4 axb4 24. Nf4 Qxg5 25. e3 Rd8 26. exd4 Nxd4 27. dxe4 Ndxb3 28. Nd5 c6 29. Nd4 cxd5 30. Nc6 Ba6 31. exd5 Bxc4 32. Ne5 Qf6 33. Nxc4 Nd4 34. Re1 Ne4 35. Bxe4 fxe4 36. Rxe4 Rxd5 37. Rxb4 Rbd8 38. Kg2 Qc6 39. Ne5 Rxe5 40. Qxd4 Qxe4+ 41. Qxe4 Rxe4 42. Rxe4 1/2-1/2

[Event "XXIV Open"]
[Site "Cappelle La Grande FRA"]
[Date "2008.02.18"]
[Round "4"]
[White "Gashimov, V."]
[Black "Luther, T."]
[Result "1/2-1/2"]
[WhiteElo "2665"]
[BlackElo "2526"]
[PlyCount "49"]
[EventDate "2008.02.16"]
[Source "www.chesslib.no"]
[SourceDate "2004.05.04"]

1. c4 e6 2. Nf3 d5 3. g3 dxc4 4. Qa4+ Nd7 5. Qxc4 a6 6. Bg2 b5 7. Qc2 Bb7 8. a4 c5 9. O-O Ngf6 10. Nc3 Qb6 11. d3 Be7 12. Qb3 Nd5 13. axb5 axb5 14. Rxa8+ Bxa8 15. Bg5 Nxc3 16. Qxc3 Bxg5 17. Nxg5 O-O 18. Bxa8 Rxa8 19. Rc1 h6 20. Ne4 Ra2 21. e3 Qa7 22. b3 b4 23. Qc4 Ra1 24. Rxa1 Qxa1+ 25. Kg2 1/2-1/2

[Event "Krasnodar"]
[Site "?"]
[Date "2000.??.??"]
[Round "5"]
[White "Malaniuk Vladimir P"]
[Black "Tregubov Pavel V"]
[Result "1/2-1/2"]
[WhiteElo "2572"]
[BlackElo "2615"]
[PlyCount "23"]
[EventDate "2000.??.??"]
[Source "www.chesslib.no"]
[SourceDate "2004.05.04"]

1. c4 e6 2. Nf3 d5 3. e3 Nf6 4. b3 Bd6 5. Bb2 O-O 6. Nc3 b6 7. d4 Bb7 8. Bd3 Nbd7 9. O-O a5 10. Rc1 Qe7 11. Na4 dxc4 12. bxc4 1/2-1/2

[Event "Tilburg"]
[Site "Tilburg"]
[Date "1992.??.??"]
[Round "1"]
[White "Hjartarson, Johann"]
[Black "Novikov, Igor A"]
[Result "0-1"]
[WhiteElo "2595"]
[BlackElo "2585"]
[PlyCount "82"]
[EventDate "1992.10.??"]
[Source "ChessBase"]

1. c4 e6 2. Nf3 d5 3. b3 Be7 4. Bb2 Bf6 5. Nc3 Ne7 6. g3 O-O 7. Bg2 c5 8. O-O Nbc6 9. d3 b6 10. e3 Bb7 11. Qe2 a6 12. h3 Rb8 13. Nh2 Bxc3 14. Bxc3 d4 15. Bb2 dxe3 16. fxe3 Qd6 17. Qg4 Ng6 18. Rad1 f5 19. Qg5 Nce7 20. Bxb7 Rxb7 21. e4 Rd7 22. h4 h6 23. Qe3 Nc6 24. h5 Nge5 25. Rf4 fxe4 26. Qxe4 Rdf7 27. Kg2 Rf5 28. Rd2 Rxh5 29. Rxf8+ Qxf8 30. Ng4 Qf5 31. Bxe5 Nxe5 32. Nxe5 Qxe5 33. Rf2 Rg5 34. Qa8+ Kh7 35. Qe4+ Kg8 36. Qa8+ Kh7 37. Qe4+ Rf5 38. Rxf5 Qxf5 39. Qxf5+ exf5 40. d4 cxd4 41. b4 Kg8 0-1

[Event "2nd IECC, Ohrid MKD"]
[Site "?"]
[Date "2001.??.??"]
[Round "7"]
[White "Hulak, K."]
[Black "Aleksandrov, A."]
[Result "0-1"]
[WhiteElo "2560"]
[BlackElo "2610"]
[PlyCount "92"]
[EventDate "2001.??.??"]
[Source "www.chesslib.no"]
[SourceDate "2004.05.04"]

1. c4 e6 2. Nf3 d5 3. g3 dxc4 4. Qa4+ Nd7 5. Qxc4 a6 6. Bg2 b5 7. Qc2 Bb7 8. O-O Ngf6 9. b3 c5 10. Bb2 Be7 11. a4 O-O 12. axb5 axb5 13. Rxa8 Bxa8 14. Nc3 Qb6 15. d3 h6 16. Ra1 Bb7 17. e4 Rd8 18. Nd1 Nb8 19. Ne3 Nc6 20. Bc3 Nd7 21. Bf1 Ndb8 22. Qb2 Bf8 23. Nc2 Na6 24. Qc1 f6 25. Bh3 Nc7 26. Qf1 Ba6 27. Bb2 e5 28. Ne3 Nb4 29. Rd1 Bc8 30. Bxc8 Rxc8 31. Nh4 Qe6 32. Bc3 Nca6 33. Qe2 Rd8 34. Nef5 Qf7 35. f4 exf4 36. gxf4 Kh7 37. Kh1 g6 38. Ne3 Qxb3 39. Bxf6 Rxd3 40. Re1 Qf7 41. Be5 Rxe3 42. Qxe3 Nc2 43. Qd2 Nxe1 44. Qxe1 c4 45. Nf3 Nc5 46. Qh4 Nxe4 0-1

[Event "Novosibirsk"]
[Site "Novosibirsk"]
[Date "1993.??.??"]
[Round "6"]
[White "Psakhis, Lev"]
[Black "Serper, Grigory"]
[Result "1/2-1/2"]
[WhiteElo "2575"]
[BlackElo "2590"]
[PlyCount "49"]
[EventDate "1993.06.??"]
[Source "ChessBase"]

1. c4 e6 2. Nf3 d5 3. b3 Be7 4. Bb2 Bf6 5. Qc2 Bxb2 6. Qxb2 Nf6 7. e3 O-O 8. d4 Nbd7 9. Nc3 Qe7 10. cxd5 exd5 11. g3 c6 12. Bg2 Ne4 13. O-O Ndf6 14. b4 Bf5 15. Rfc1 a6 16. a4 Nxc3 17. Rxc3 Ne4 18. Rcc1 Nd6 19. Nd2 Bd7 20. Nb3 Rad8 21. Re1 Rfe8 22. Nc5 Bc8 23. Qb3 Qg5 24. Bf1 Qh5 25. Qd1 1/2-1/2

[Event "NED-chT 0102"]
[Site "?"]
[Date "2001.??.??"]
[Round "2"]
[White "Van Wely Loek"]
[Black "Van der Werf Mark"]
[Result "1-0"]
[WhiteElo "2700"]
[BlackElo "2445"]
[PlyCount "65"]
[EventDate "2001.??.??"]
[Source "www.chesslib.no"]
[SourceDate "2004.05.04"]

1. c4 e6 2. Nf3 d5 3. e3 Nf6 4. b3 Be7 5. Bb2 O-O 6. Nc3 c5 7. cxd5 Nxd5 8. Qc2 Bf6 9. h4 b6 10. Ng5 g6 11. a3 Nxc3 12. Bxc3 Bb7 13. f4 Nd7 14. Bb5 Bxc3 15. Qxc3 Nf6 16. h5 Bxg2 17. Rh2 Ne4 18. Nxe4 Bxe4 19. Kf2 a6 20. Be2 Ra7 21. d3 Ba8 22. Rg1 f6 23. hxg6 hxg6 24. Rxg6+ Rg7 25. Rhh6 Rxg6 26. Rxg6+ Kh7 27. Rg3 Rg8 28. Bg4 Qe7 29. e4 b5 30. Qa1 Rg6 31. f5 Rh6 32. fxe6 Rh2+ 33. Kg1 1-0

[Event "Chile"]
[Site "Chile"]
[Date "1988.??.??"]
[Round "?"]
[White "Ljubojevic, Ljubomir"]
[Black "Cifuentes Parada, Roberto"]
[Result "0-1"]
[WhiteElo "2610"]
[BlackElo "2530"]
[PlyCount "74"]
[EventDate "1988.??.??"]
[Source "www.chesslib.no"]
[SourceDate "2004.05.04"]

1. c4 e6 2. Nf3 d5 3. g3 Nf6 4. Bg2 dxc4 5. Qa4+ Nbd7 6. Qxc4 c5 7. a4 b6 8. O-O Bb7 9. Nc3 Be7 10. d3 O-O 11. a5 Bxf3 12. Bxf3 Ne5 13. Qf4 Nxf3+ 14. Qxf3 Nd5 15. Bd2 Bf6 16. Ra4 Nxc3 17. bxc3 b5 18. Ra2 a6 19. c4 b4 20. Be3 Rc8 21. Qb7 Qd6 22. Bf4 e5 23. Be3 Rc6 24. f4 Rfc8 25. fxe5 Qxe5 26. Rf3 Qe8 27. Bf4 g5 28. Bc1 R8c7 29. Qxc7 Bd4+ 30. e3 Rxc7 31. exd4 Re7 32. dxc5 Re1+ 33. Rf1 Rxc1 34. Rxc1 Qe3+ 35. Kg2 Qxc1 36. c6 Qe3 37. c7 Qc5 0-1

[Event "Graz op-A"]
[Site "?"]
[Date "1999.??.??"]
[Round "5"]
[White "Eingorn Vereslav S"]
[Black "Ibragimov Ildar"]
[Result "0-1"]
[WhiteElo "2585"]
[BlackElo "2550"]
[PlyCount "48"]
[EventDate "1999.??.??"]
[Source "www.chesslib.no"]
[SourceDate "2004.05.04"]

1. c4 e6 2. Nf3 d5 3. b3 Be7 4. Bb2 Bf6 5. Qc1 Bxb2 6. Qxb2 Nf6 7. g3 O-O 8. Bg2 Nbd7 9. O-O c6 10. d4 b6 11. Nbd2 a5 12. Rfc1 Bb7 13. cxd5 exd5 14. b4 Qe7 15. bxa5 Rxa5 16. e3 Rfa8 17. Ne1 Ne4 18. Nd3 f5 19. Nf3 Qa3 20. Qc2 c5 21. dxc5 bxc5 22. Nfe5 c4 23. Nxd7 cxd3 24. Qd1 Qd6 0-1

[Event "Lvov zt"]
[Site "Lvov"]
[Date "1978.??.??"]
[Round "3"]
[White "Vaganian, Rafael A"]
[Black "Sveshnikov, Evgeny"]
[Result "1-0"]
[WhiteElo "2570"]
[BlackElo "2565"]
[PlyCount "119"]
[EventDate "1978.04.??"]
[Source "ChessBase"]

1. c4 e6 2. Nf3 d5 3. g3 Nf6 4. Bg2 dxc4 5. Qa4+ Nbd7 6. Qxc4 c5 7. Qb3 Rb8 8. d3 Bd6 9. Nc3 a6 10. a4 b6 11. Nd2 Bb7 12. Bxb7 Rxb7 13. Nc4 Nb8 14. Nxd6+ Qxd6 15. Bg5 Nd5 16. Ne4 Qc7 17. Qc4 O-O 18. O-O Nc6 19. Qxa6 Nd4 20. Rae1 Nb4 21. Qc4 Nbc2 22. Rb1 Nxe2+ 23. Kg2 Ned4 24. f3 f5 25. Nd2 f4 26. Rbe1 Nxe1+ 27. Rxe1 fxg3 28. hxg3 Qc6 29. Re4 Rd7 30. Be3 Rfd8 31. Kf2 Rd5 32. g4 Qd7 33. b4 Nc6 34. bxc5 bxc5 35. Ke2 Ne5 36. Qb5 Nxd3 37. Qxd7 R8xd7 38. Nc4 e5 39. Nb6 Kf7 40. a5 Ke6 41. Nxd5 Rxd5 42. a6 Nb4 43. a7 Rd8 44. Bxc5 Nc6 45. Re3 Ra8 46. Rd3 Nd4+ 47. Ke3 h5 48. gxh5 Kf5 49. Rd1 Kg5 50. Ke4 Kxh5 51. Bxd4 exd4 52. Ra1 g5 53. Kxd4 Kh4 54. Ra5 Kh3 55. Kc5 Kg3 56. Kb6 Rg8 57. Rxg5+ Rxg5 58. a8=Q Rf5 59. Kc6 Rxf3 60. Kd5 1-0

[Event "Platja d'Aro Barcino"]
[Site "Platja d'Aro"]
[Date "1994.??.??"]
[Round "?"]
[White "Spraggett, Kevin B"]
[Black "Dorfman, Josif D"]
[Result "1/2-1/2"]
[WhiteElo "2550"]
[BlackElo "2570"]
[PlyCount "28"]
[EventDate "1994.10.??"]
[Source "www.chesslib.no"]
[SourceDate "2004.05.04"]

1. c4 e6 2. Nf3 d5 3. e3 Nf6 4. b3 Be7 5. Bb2 O-O 6. d4 b6 7. Bd3 Bb7 8. O-O c5 9. Nc3 cxd4 10. exd4 Nc6 11. Re1 Nb4 12. Bf1 Rc8 13. Rc1 Re8 14. a3 Nc6 1/2-1/2

[Event "Cap d'Agde-B"]
[Site "Cap d'Agde"]
[Date "2000.??.??"]
[Round "2"]
[White "Onischuk, Alexander"]
[Black "Campos Moreno, Javier B"]
[Result "1/2-1/2"]
[WhiteElo "2627"]
[BlackElo "2491"]
[PlyCount "77"]
[EventDate "2000.10.29"]
[Source "ChessBase"]
[SourceDate "2001.01.25"]

1. c4 e6 2. Nf3 d5 3. b3 Be7 4. Bb2 Bf6 5. Nc3 Ne7 6. e3 c5 7. cxd5 Nxd5 8. Qc1 O-O 9. Nxd5 Bxb2 10. Qxb2 Qxd5 11. Bc4 Qd6 12. d4 cxd4 13. Qxd4 Qxd4 14. Nxd4 a6 15. Rc1 Bd7 16. Bd3 Nc6 17. Be4 Rfc8 18. Nxc6 Bxc6 19. Bxc6 Rxc6 20. Rxc6 bxc6 21. Ke2 Kf8 22. Rc1 Rc8 23. Rc5 Ke7 24. Ra5 Ra8 25. Kd3 Kd6 26. Kc4 Kc7 27. Rh5 h6 28. Rh4 Rd8 29. Rf4 f6 30. Rd4 Rb8 31. h4 h5 32. e4 a5 33. a3 Rb5 34. Rd3 Rd5 35. Rf3 Rg5 36. Rf4 Kc8 37. b4 Kb8 38. b5 Ka8 39. Rxf6 1/2-1/2

[Event "Moscow PCA-Intel qual"]
[Site "Moscow"]
[Date "1995.??.??"]
[Round "3"]
[White "Gulko, Boris F"]
[Black "Sherbakov, Ruslan"]
[Result "1-0"]
[WhiteElo "2595"]
[BlackElo "2520"]
[PlyCount "81"]
[EventDate "1995.??.??"]
[Source "ChessBase"]

1. c4 e6 2. Nf3 d5 3. b3 Nf6 4. g3 a5 5. Nc3 c6 6. e3 Nbd7 7. Bb2 Nb6 8. cxd5 exd5 9. Bg2 Be7 10. O-O a4 11. bxa4 O-O 12. d3 Bg4 13. Rb1 d4 14. Ne2 Bxf3 15. Bxf3 dxe3 16. fxe3 Nxa4 17. Ba1 Nc5 18. d4 Nce4 19. Qc2 Ng5 20. Bg2 Ng4 21. Rb3 Qd7 22. Nf4 Bd6 23. d5 Be5 24. h4 Bxa1 25. Rxa1 h6 26. hxg5 hxg5 27. dxc6 bxc6 28. Nh3 Ra5 29. Nf2 Ne5 30. Rab1 Qa7 31. Qc3 Rc5 32. Qd4 Qa5 33. Qb4 Qa7 34. Qb6 Qe7 35. Qb4 Qa7 36. Ne4 Rb5 37. Qd4 Qxa2 38. Rxb5 cxb5 39. Ra1 Qe6 40. Nxg5 Qe7 41. Qh4 1-0

[Event "AUT-chT 9899"]
[Site "?"]
[Date "1999.??.??"]
[Round "?"]
[White "Hickl Joerg"]
[Black "Blatny Pavel"]
[Result "1/2-1/2"]
[WhiteElo "2555"]
[BlackElo "2560"]
[PlyCount "116"]
[EventDate "1999.??.??"]
[Source "www.chesslib.no"]
[SourceDate "2004.05.04"]

1. c4 e6 2. Nf3 d5 3. b3 Be7 4. Bb2 Bf6 5. Qc2 Bxb2 6. Qxb2 Qf6 7. Nc3 Ne7 8. e3 O-O 9. d4 Rd8 10. Be2 b6 11. O-O Nd7 12. Rac1 Bb7 13. cxd5 exd5 14. Qa3 a6 15. Rfd1 Nf5 16. Na4 Rac8 17. Rc2 Nd6 18. Rdc1 Ne8 19. Ne1 Qd6 20. Qxd6 cxd6 21. Bg4 Rxc2 22. Rxc2 b5 23. Nb2 g6 24. Ned3 f5 25. Be2 Rc8 26. Rxc8 Bxc8 27. Nb4 Bb7 28. a4 bxa4 29. Nxa4 Nc7 30. Kf1 Kf7 31. Ke1 Ke6 32. Kd2 g5 33. Kc3 a5 34. Nc2 Ba6 35. Bxa6 Nxa6 36. f3 Nc7 37. b4 axb4+ 38. Kxb4 g4 39. Nc3 gxf3 40. gxf3 Kf6 41. Nb5 Ne8 42. Nc3 Nc7 43. Ne1 Nf8 44. Ka5 Ke6 45. Kb6 Kd7 46. Ng2 Ng6 47. Kb7 h5 48. h3 f4 49. exf4 Ne7 50. Ne3 Ne6 51. Ne2 Ng7 52. Nc3 Ngf5 53. Ncxd5 Nxd4 54. Nf6+ Ke6 55. Nxh5 Ndf5 56. Nxf5 Nxf5 57. Kc6 d5 58. Kc5 d4 1/2-1/2

[Event "Vidmar Memorial"]
[Site "Ljubljana/Portoroz SLO"]
[Date "1989.??.??"]
[Round "?"]
[White "Lobron, Eric"]
[Black "Kovacevic, Vlatko"]
[Result "1/2-1/2"]
[WhiteElo "2555"]
[BlackElo "2545"]
[PlyCount "134"]
[EventDate "1989.06.??"]
[Source "www.chesslib.no"]
[SourceDate "2004.05.04"]

1. c4 e6 2. Nf3 d5 3. g3 dxc4 4. Qa4+ Bd7 5. Qxc4 c5 6. Ne5 Nc6 7. Nxd7 Qxd7 8. Bg2 Nf6 9. O-O Rc8 10. Qa4 b6 11. Nc3 Be7 12. d3 O-O 13. Be3 Rfd8 14. Rfc1 h6 15. Rab1 Nd4 16. Qxd7 Rxd7 17. b3 g5 18. h3 Kg7 19. Kf1 Ne8 20. Ne4 Rcd8 21. a3 Nd6 22. Nxd6 Bxd6 23. b4 Rc7 24. bxc5 Bxc5 25. Bd2 Rdc8 26. e3 Nf5 27. a4 Ne7 28. d4 Bd6 29. Rxc7 Rxc7 30. Be4 Rc4 31. Ra1 e5 32. Bd3 Rc7 33. dxe5 Bxe5 34. Rc1 Rxc1+ 35. Bxc1 Nd5 36. f4 gxf4 37. gxf4 Ba1 38. e4 Nc3 39. Bc2 b5 40. axb5 Nxb5 41. Bd3 Nd4 42. Kf2 a5 43. Ba3 f6 44. Ke3 Ne6 45. Bc4 Bd4+ 46. Kd3 Bc5 47. Bc1 Nf8 48. e5 fxe5 49. fxe5 Ng6 50. Ke4 a4 51. Kd5 Bb4 52. Be3 a3 53. Bb3 Bc3 54. e6 Bb4 55. Bd4+ Kf8 56. Ke4 Ne7 57. Kf4 Nc6 58. Be3 Kg7 59. Bd5 Ne7 60. Bd4+ Kf8 61. Ba2 Nc6 62. Be3 Kg7 63. Kg4 Kg6 64. Bb1+ Kf6 65. Bxh6 Ne5+ 66. Kh5 Kxe6 67. Bc1 Kf6 1/2-1/2

[Event "II Open ROMGAZ"]
[Site "Bucarest ROM"]
[Date "2008.09.13"]
[Round "3"]
[White "Suba, M."]
[Black "Lupulescu, C."]
[Result "1/2-1/2"]
[WhiteElo "2507"]
[BlackElo "2589"]
[PlyCount "41"]
[EventDate "2008.09.11"]
[Source "www.chesslib.no"]
[SourceDate "2004.05.04"]

1. c4 e6 2. Nf3 d5 3. g3 dxc4 4. Qa4+ c6 5. Qxc4 b5 6. Qb3 Bb7 7. Bg2 Nd7 8. O-O a6 9. d3 Ngf6 10. Nc3 Be7 11. Bf4 O-O 12. Ne5 Nd5 13. Nxd5 cxd5 14. Rfc1 Nc5 15. Qd1 f6 16. Be3 Rc8 17. Nf3 Qd7 18. Bxc5 Bxc5 19. d4 Bd6 20. Ne1 Rxc1 21. Rxc1 1/2-1/2

[Event "Olimpiadi 2008 - open"]
[Site "Dresda GER"]
[Date "2008.11.22"]
[Round "9"]
[White "Stanojoski, Z."]
[Black "Lupulescu, C."]
[Result "1/2-1/2"]
[WhiteElo "2502"]
[BlackElo "2594"]
[PlyCount "92"]
[EventDate "2008.11.13"]
[Source "www.chesslib.no"]
[SourceDate "2004.05.04"]

1. c4 e6 2. Nf3 d5 3. g3 c6 4. Qc2 dxc4 5. Qxc4 b5 6. Qc2 Bb7 7. Bg2 Nd7 8. O-O Ngf6 9. a4 Rc8 10. Nc3 a6 11. Rd1 Qb6 12. d4 c5 13. axb5 axb5 14. Qb3 cxd4 15. Nxd4 Bxg2 16. Kxg2 b4 17. Na4 Qb7+ 18. Qf3 Qxf3+ 19. Nxf3 Be7 20. Bg5 h6 21. Bxf6 Bxf6 22. Rxd7 Kxd7 23. Nb6+ Kd6 24. Nxc8+ Rxc8 25. Rd1+ Ke7 26. b3 Rc2 27. Rd2 Rc1 28. Rd3 Rb1 29. Nd2 Rb2 30. Ne4 Rxe2 31. Nxf6 Kxf6 32. Rd4 g5 33. Rxb4 Rb2 34. h4 Kg6 35. hxg5 hxg5 36. Rb6 g4 37. b4 Kg7 38. b5 e5 39. Rb7 Kg6 40. Rb8 f5 41. b6 f4 42. gxf4 exf4 43. Rg8+ Kf5 44. Rf8+ Kg5 45. Rg8+ Kf5 46. Rf8+ Ke5 1/2-1/2

[Event "CRO-Cup"]
[Site "Pula CRO"]
[Date "1995.??.??"]
[Round "4"]
[White "Kurajica, Bojan"]
[Black "Dizdar, Goran"]
[Result "1-0"]
[WhiteElo "2585"]
[BlackElo "2510"]
[PlyCount "94"]
[EventDate "1995.??.??"]
[Source "www.chesslib.no"]
[SourceDate "2004.05.04"]

1. c4 e6 2. Nf3 d5 3. e3 Nf6 4. d4 Be7 5. b3 O-O 6. Bd3 c5 7. O-O Nc6 8. Bb2 b6 9. Nbd2 Bb7 10. Rc1 Rc8 11. Qe2 cxd4 12. exd4 Re8 13. Rfd1 Bf8 14. Nf1 g6 15. Ne3 dxc4 16. bxc4 Bg7 17. Bc3 Nb8 18. Bc2 Nd5 19. cxd5 Rxc3 20. dxe6 Rxe6 21. Ne5 Re7 22. Qd2 Rc8 23. f4 Nd7 24. Qf2 Nf6 25. Bb3 Rxc1 26. Rxc1 Ne4 27. Qb2 Nd6 28. Bd5 Rc7 29. Bxb7 Rxc1+ 30. Qxc1 Nxb7 31. Qc6 Na5 32. Qe4 f6 33. Nf3 Kf7 34. f5 Qe8 35. Qd5+ Kf8 36. Kf2 Nc6 37. Qd6+ Kf7 38. Qc7+ Kg8 39. Nd5 Kh8 40. Qd6 gxf5 41. Nc7 Qe4 42. Ne6 Bh6 43. h3 Be3+ 44. Kg3 Ne7 45. d5 Ng8 46. Qc7 Bh6 47. d6 Qxe6 1-0

[Event "Oberliga Ost B 9798"]
[Site "?"]
[Date "1997.??.??"]
[Round "?"]
[White "Hickl Joerg"]
[Black "Luther Thomas"]
[Result "1-0"]
[WhiteElo "2575"]
[BlackElo "2520"]
[PlyCount "155"]
[EventDate "1997.??.??"]
[Source "www.chesslib.no"]
[SourceDate "2004.05.04"]

1. c4 e6 2. Nf3 d5 3. b3 Be7 4. Bb2 Nf6 5. e3 O-O 6. Be2 b6 7. O-O Bb7 8. d3 c5 9. a3 Nc6 10. Nbd2 Re8 11. Ra2 a6 12. Qa1 b5 13. Rd1 Qb6 14. d4 cxd4 15. Nxd4 dxc4 16. bxc4 b4 17. Nxc6 Bxc6 18. axb4 Qxb4 19. Bc3 Qb7 20. Rb1 Qc7 21. h3 Rec8 22. Rxa6 Ne4 23. Rxa8 Rxa8 24. Qb2 Nxc3 25. Qxc3 Rc8 26. Bf3 Bxf3 27. gxf3 h6 28. f4 Qc5 29. Qe5 Qa7 30. Qb5 Qc7 31. Qb7 Qxb7 32. Rxb7 Bf6 33. Rb3 Rd8 34. Ne4 Rd1+ 35. Kg2 Rc1 36. Rb8+ Kh7 37. Rc8 Bh4 38. c5 f5 39. Ng3 Kg6 40. Ne2 Rc2 41. Kf1 Kf7 42. Rc7+ Kf6 43. c6 g5 44. Rc8 gxf4 45. exf4 Ke7 46. Rh8 Bf6 47. Rh7+ Kd6 48. Rxh6 Bb2 49. h4 Rxc6 50. Rg6 Ke7 51. h5 Kf7 52. Ng1 Rc8 53. Nh3 Bf6 54. Ng5+ Ke7 55. h6 Rh8 56. Kg2 e5 57. Kf3 exf4 58. Kxf4 Bc3 59. Kg3 Ra8 60. h7 Ra4 61. f4 Ra1 62. Rc6 Bb2 63. Rb6 Bg7 64. Re6+ Kd7 65. Rg6 Bc3 66. Nh3 Ra3 67. Rg8 Ke6 68. Kg2 Ra2+ 69. Kf3 Ra3 70. Ke2 Ra2+ 71. Kd3 Ra3 72. Kc4 Bf6 73. h8=Q Rc3+ 74. Kb4 Bxh8 75. Rxh8 Rc1 76. Ng5+ Kf6 77. Rh6+ Ke7 78. Re6+ 1-0

[Event "Bled op"]
[Site "Bled"]
[Date "1996.??.??"]
[Round "4"]
[White "Mikhalchishin, Adrian"]
[Black "Novikov, Igor A"]
[Result "1/2-1/2"]
[WhiteElo "2505"]
[BlackElo "2590"]
[PlyCount "25"]
[EventDate "1996.03.??"]
[Source "ChessBase"]

1. c4 e6 2. Nf3 d5 3. b3 Be7 4. Bb2 Bf6 5. Qc2 Bxb2 6. Qxb2 Nf6 7. e3 O-O 8. Be2 c5 9. O-O Nc6 10. cxd5 Nxd5 11. Rc1 Qd6 12. Na3 Bd7 13. Nc4 1/2-1/2